000 00586nam a2200193Ia 4500
003 IN-BaIIA
008 211028s9999 xx 000 0 eng d
040 _cIIA Library
080 _a083.7:621.886.8
_bISI
110 _aIndian Standards Institution
245 0 _aIndian standard specification for parallel keys and kyeways
_cIndian Standards Institution
260 _aNew Delhi
_bIndian Standards Institution
_c1975
300 _a7p.
500 _aIS 2048 : 1975
650 _a Parallel Keys-Standards
_99238
650 _a Standards 
650 _aNASA Thesaurus 
942 _cBK
999 _c5247
_d5247